000 00629nam a2200205Ia 4500
008 220216s9999 xx 000 0 und d
100 _aVenkatachalam P
245 0 _aCurrent perspectives on application of biotechnology to assist the genetic improvement of rubber tree (Hevea brasiliensis Muell. Arg.): An overview
260 _bFunctional Plant Science and Biotechnology
_c2007
300 _a17-Jan
700 _aJayashree S
700 _aJayasree P K
700 _aKala R G
700 _aPriya P
700 _aRekha K
700 _aSobha S
700 _aSushmakumari S
700 _aThulaseedharan A
942 _cBS
999 _c51581
_d51581